Investovanie do cenných papierov

Základná forma investovania - investovanie do cenných papierov. Pojem akcia. Akcionár a jeho práva. Zdaňovanie dividend a kapitálových výnosov. Iné cenné papiere: dlhopisy, podielové listy, vkladové listy.

Salvato in:
Dettagli Bibliografici
Natura: Capitolo di libro
Lingua:slovacco
Soggetti:
Tags: Aggiungi Tag
Nessun Tag, puoi essere il primo ad aggiungerne!!

MARC

LEADER 00000naa a2200000 4500
001 r026007
005 20230426105903.7
041 0 |a slo 
044 |a SK 
245 1 0 |a Investovanie do cenných papierov 
520 |a Základná forma investovania - investovanie do cenných papierov. Pojem akcia. Akcionár a jeho práva. Zdaňovanie dividend a kapitálových výnosov. Iné cenné papiere: dlhopisy, podielové listy, vkladové listy. 
610 2 0 |a papiere cenné 
610 2 0 |a investovanie 
610 2 0 |a akcie 
610 2 0 |a akcionári 
610 2 0 |a dividendy 
610 2 0 |a dlhopisy 
610 2 0 |a listy podielové 
610 2 0 |a listy vkladové 
610 2 0 |a pojmy